000 01058nam a2200301 i 4500
003 EG-GICUC
005 20260426093534.0
008 260426s1874 fr fr|||| 001 0 fre d
040 _aEG-GiCUC
_bfre
_cEG-GiCUC
_dEG-GiCUC
_eRda
041 0 _afre
082 0 4 _221
_a343.83
_bTA . Q
092 0 4 _221
099 _aLaw1 10 343.83 TA . Q 1 ed - 1874
100 1 _a Tardieu, Ambroise.
_eAuteur
245 1 0 _a Question Médico-légale De L'identité :
_b Dans SES Rapports Avec Les Vices De Conformation Des Organes Sexuels,
_c Par Ambroise Tardieu.
250 _a Deuxième Édition,
_b Revue, Corrigée Et Augmentée.
264 _aParis :
_b Librairie J. B. Baillière Et Fils,
_c1874.
300 _a 174page ;
_c 24 cm.
336 _2rda contenu
_a texte
337 _2rda medias
_aOrdinateur
338 _2 transporteur rda
_a Ressource en ligne
546 _aTexte en français
650 1 4 _aDroit pénal.
_2qrmak
651 1 _2qrmak
856 4 0 _uhttps://fll.law.cu.edu.eg/fulltext/bks/B10-11171.pdf
905 _a171
942 _2ddc
_cBK
_e21
_n0
999 _c73410
_d73410